| 000 -LEADER |
| fixed length control field |
01909cam a2200433 a 4500 |
| 001 - CONTROL NUMBER |
| control field |
1656419 |
| 003 - CONTROL NUMBER IDENTIFIER |
| control field |
NUST |
| 005 - DATE AND TIME OF LATEST TRANSACTION |
| control field |
20191001155543.0 |
| 008 - FIXED-LENGTH DATA ELEMENTS--GENERAL INFORMATION |
| fixed length control field |
980409s1998 dcua b 000 0 eng d |
| 010 ## - LIBRARY OF CONGRESS CONTROL NUMBER |
| LC control number |
97069824 |
| 020 ## - INTERNATIONAL STANDARD BOOK NUMBER |
| International Standard Book Number |
0309061067 : |
| Terms of availability |
$20.00 |
| 035 ## - SYSTEM CONTROL NUMBER |
| System control number |
(OCoLC)39085037 |
| 038 ## - RECORD CONTENT LICENSOR |
| Staff Name |
MSOHAIL |
| 040 ## - CATALOGING SOURCE |
| Original cataloging agency |
CU-IT |
| Transcribing agency |
CU-IT |
| Modifying agency |
ODaU |
| -- |
NmU |
| -- |
DLC |
| 042 ## - AUTHENTICATION CODE |
| Authentication code |
lccopycat |
| 043 ## - GEOGRAPHIC AREA CODE |
| Geographic area code |
n-us--- |
| 050 00 - LIBRARY OF CONGRESS CALL NUMBER |
| Classification number |
TF263 |
| Item number |
.R53 1998 |
| 082 00 - DEWEY DECIMAL CLASSIFICATION NUMBER |
| Classification number |
625.8 |
| Edition number |
21 |
| 100 1# - MAIN ENTRY--PERSONAL NAME |
| Personal name |
Richards, Hoy A. |
| 9 (RLIN) |
22232 |
| 245 10 - TITLE STATEMENT |
| Title |
Highway-rail grade crossing surfaces / |
| Statement of responsibility, etc. |
Hoy A. Richards. |
| 246 3# - VARYING FORM OF TITLE |
| Title proper/short title |
Highway rail grade crossing surfaces |
| 260 ## - PUBLICATION, DISTRIBUTION, ETC. |
| Place of publication, distribution, etc. |
Washington, D.C. : |
| Name of publisher, distributor, etc. |
National Academy Press, |
| Date of publication, distribution, etc. |
1998. |
| 300 ## - PHYSICAL DESCRIPTION |
| Extent |
56 p. : |
| Other physical details |
ill. ; |
| Dimensions |
28 cm. |
| 440 #0 - SERIES STATEMENT/ADDED ENTRY--TITLE |
| Title |
Synthesis of highway practice, |
| International Standard Serial Number |
0547-5570 ; |
| Volume/sequential designation |
250 |
| 9 (RLIN) |
22233 |
| 500 ## - GENERAL NOTE |
| General note |
At head of title: National Cooperative Highway Research Program |
| 500 ## - GENERAL NOTE |
| General note |
"Transportation Research Board, National Research Council." |
| 500 ## - GENERAL NOTE |
| General note |
"Research sponsored by the American Association of State Highway and Transportation Officials in cooperation with the Federal Highway Administration." |
| 504 ## - BIBLIOGRAPHY, ETC. NOTE |
| Bibliography, etc. note |
Includes bibliographical references (p. 36). |
| 650 #0 - SUBJECT ADDED ENTRY--TOPICAL TERM |
| Topical term or geographic name entry element |
Highway-railroad grade crossings |
| Geographic subdivision |
United States |
| General subdivision |
Design and construction. |
| 9 (RLIN) |
22234 |
| 650 #0 - SUBJECT ADDED ENTRY--TOPICAL TERM |
| Topical term or geographic name entry element |
Road materials |
| Geographic subdivision |
United States. |
| 9 (RLIN) |
22027 |
| 650 #0 - SUBJECT ADDED ENTRY--TOPICAL TERM |
| Topical term or geographic name entry element |
Pavements |
| General subdivision |
Design and construction. |
| 9 (RLIN) |
916 |
| 710 2# - ADDED ENTRY--CORPORATE NAME |
| Corporate name or jurisdiction name as entry element |
National Cooperative Highway Research Program. |
| 9 (RLIN) |
20864 |
| 710 2# - ADDED ENTRY--CORPORATE NAME |
| Corporate name or jurisdiction name as entry element |
National Research Council (U.S.). |
| Subordinate unit |
Transportation Research Board. |
| 9 (RLIN) |
22235 |
| 710 2# - ADDED ENTRY--CORPORATE NAME |
| Corporate name or jurisdiction name as entry element |
American Association of State Highway and Transportation Officials. |
| 9 (RLIN) |
19553 |
| 710 1# - ADDED ENTRY--CORPORATE NAME |
| Corporate name or jurisdiction name as entry element |
United States. |
| Subordinate unit |
Federal Highway Administration. |
| 9 (RLIN) |
20149 |
| 906 ## - LOCAL DATA ELEMENT F, LDF (RLIN) |
| a |
7 |
| b |
cbc |
| c |
copycat |
| d |
2 |
| e |
opcn |
| f |
19 |
| g |
y-gencatlg |
| 942 ## - ADDED ENTRY ELEMENTS (KOHA) |
| Source of classification or shelving scheme |
|
| Koha item type |
Book |